00559nam a2200205Ia 4500008004100000020002200041050001700063050001400080100002300094245003000117245004400147245003600191260002000227260001700247260000900264300001600273300001100289500002000300650003300320180523s9999 xx 000 0 und d a978-0-7879-8055-9 aMAIN HV 41.2 b.C53 2007 aClarke, Cheryl A.  0aGrant proposal makeover : 0btransform your request from no to yes / 0cCheryl A. Clarke, Susan P. Fox. aSan Francisco : bJossey-Bass, c2007 a214 pages : c24 cm. aIncludes index. aProposal writing for grants.